Welcome to CU Library Online Public Access Catalogue (OPAC)

Law of Contract (Record no. 6570)

MARC details
000 -LEADER
fixed length control field 00413nam a22001817a 4500
003 - CONTROL NUMBER IDENTIFIER
control field OSt
005 - DATE AND TIME OF LATEST TRANSACTION
control field 20250618155409.0
008 - FIXED-LENGTH DATA ELEMENTS--GENERAL INFORMATION
fixed length control field 250618b |||||||| |||| 00| 0 eng d
040 ## - CATALOGING SOURCE
Transcribing agency London ;
050 ## - LIBRARY OF CONGRESS CALL NUMBER
Classification number K840 FUR
100 ## - MAIN ENTRY--PERSONAL NAME
Personal name Furmston, M. P.
245 ## - TITLE STATEMENT
Title Law of Contract
300 ## - PHYSICAL DESCRIPTION
Extent liv, 708 pages
500 ## - GENERAL NOTE
General note Includes Index
600 ## - SUBJECT ADDED ENTRY--PERSONAL NAME
Source of heading or term Contract Law
856 ## - ELECTRONIC LOCATION AND ACCESS
Materials specified Contract Law
942 ## - ADDED ENTRY ELEMENTS (KOHA)
Source of classification or shelving scheme Library of Congress Classification
Koha item type Books
Suppress in OPAC No
Holdings
Withdrawn status Lost status Source of classification or shelving scheme Damaged status Not for loan Collection Home library Current library Shelving location Date acquired Total checkouts Full call number Barcode Date last seen Copy number Price effective from Koha item type
    Library of Congress Classification     Non-fiction Law Library (Christ Temple) Law Library (Christ Temple) General stacks 06/18/2025   K840 FUR LLCT00000721 06/18/2025 1 06/18/2025 Books
© 2023-2024 Copyright: Central University Libraries. All Rights Reserved | Created by: Mahone Tech Office